Central Library OPAC University of Rajshahi

গ্রীন হাউজ প্রতিক্রিয়া ও বাংলাদেশে তার প্রভাব / (Record no. 39685)

MARC details
000 -LEADER
fixed length control field 01347nam a2200265 a 4500
001 - CONTROL NUMBER
control field 39685
003 - CONTROL NUMBER IDENTIFIER
rucl marc code BD-RjUL
005 - DATE AND TIME OF LATEST TRANSACTION
control field 20211209053036.0
008 - FIXED-LENGTH DATA ELEMENTS--GENERAL INFORMATION
fixed length control field 160416t20051993bg a|||| |||| 00| 0 ben d
020 ## - INTERNATIONAL STANDARD BOOK NUMBER
International Standard Book Number 9840501410
Terms of availability : Tk. 90.00
035 ## - SYSTEM CONTROL NUMBER
System control number (BD-RjUL)
040 ## - CATALOGING SOURCE
Original cataloging agency BD-RjUL 39798
Language of cataloging ben
Transcribing agency BD-RjUL
041 ## - LANGUAGE CODE
Language code of text/sound track or separate title ben
082 ## - DEWEY DECIMAL CLASSIFICATION NUMBER
Edition number 23
Classification number 363.73095492
Author mark and year MAG 2005
100 ## - MAIN ENTRY--PERSONAL NAME
Personal name মাহতাব, ফসিহউদ্দিন
9 (RLIN) 122242
245 10 - TITLE STATEMENT
Title গ্রীন হাউজ প্রতিক্রিয়া ও বাংলাদেশে তার প্রভাব /
Statement of responsibility, etc. ফসিহউদ্দিন মাহতাব, সালেহ মুস্তাফা কামাল, জহুরুল হক
260 ## - PUBLICATION, DISTRIBUTION, ETC. (IMPRINT)
Place of publication, distribution, etc. ঢাকা :
Name of publisher, distributor, etc. দি ইউনিভার্সিটি প্রেস ‍লিমিটেড,
Date of publication, distribution, etc. ১৯৯৩ [মুদ্রণ ২০০৫]
300 ## - PHYSICAL DESCRIPTION
Pagination iv, ৬০ পৃ. :
Illustrations চিত্র ;
Size ২২ সেমি.
650 ## - SUBJECT ADDED ENTRY--TOPICAL TERM
Topical term or geographic name as entry element গ্রীন হাউজ ইফেক্ট
General subdivision বায়ুমণ্ডলীয়
9 (RLIN) 122236
Topical term or geographic name as entry element Greenhouse effect
General subdivision Atmospheric
9 (RLIN) 122237
Topical term or geographic name as entry element Greenhouse effect, Atmospheric
Geographic subdivision Bangladesh.
9 (RLIN) 122458
700 ## - ADDED ENTRY--PERSONAL NAME
Personal name কামাল, সালেহ মুস্তাফা
Personal name হক, জহুরুল
942 ## - ADDED ENTRY ELEMENTS (KOHA)
Source of classification or shelving scheme Dewey Decimal Classification
Koha item type Books
Holdings
Lost status Source of classification or shelving scheme Damaged status Not for loan Collection code Permanent Location Current Location Shelving location Date acquired Source of acquisition Cost, normal purchase price Total Checkouts Full call number Date last seen Copy number Koha item type
  Dewey Decimal Classification   Not For Loan Non-fiction Central Library, University of Rajshahi Central Library, University of Rajshahi Reading Room 26/12/2013 Prothoma Prokashon, Dhaka 90.00   B 363.73095492 MAG 2005 16/04/2016 C-1 Books
  Dewey Decimal Classification       Central Library, University of Rajshahi Central Library, University of Rajshahi   26/12/2013 Prothoma Prokashon, Dhaka 90.00   B 363.73095492 MAG 2005 16/04/2016 C-2 Books
  Dewey Decimal Classification     Non-fiction Central Library, University of Rajshahi Central Library, University of Rajshahi   26/12/2013 Prothoma prokashon, Dhaka 90.00   B 363.73095492 MAG 2005 20/04/2016 C-3 Books